New Headway English Course. Elementary: Workbook with key

গ্রন্থ-পঞ্জীর বিবরন
প্রধান লেখক: Soars L. John
অন্যান্য লেখক: Soars L. Liz
ভাষা:ইংরেজি
প্রকাশিত: New York, Oxford University Press, 2003
সংস্করন:8th ed.
বিষয়গুলি:
বিন্যাস: গ্রন্থ
KOHA link:https://koha.lib.tpu.ru/cgi-bin/koha/opac-detail.pl?biblionumber=64113

MARC

LEADER 00000nam0a2200000 4500
001 64113
005 20231031065406.0
010 |a 0194366669 
035 |a (RuTPU)RU\TPU\book\68026 
090 |a 64113 
100 |a 20040526d2003 m y0engy50 ba 
101 0 |a eng 
102 |a US 
105 |a a j 000zy 
200 1 |a New Headway English Course. Elementary  |e Workbook with key  |f L. Soars, L. Soars 
205 |a 8th ed. 
210 |a New York  |c Oxford University Press  |d 2003 
215 |a 96 p.  |c il. 
610 1 |a английский язык 
610 1 |a учебные пособия 
610 1 |a лексика 
610 1 |a грамматика 
610 1 |a разговорная речь 
610 1 |a упражнения 
686 |a Ш143.21-923  |v LBC/SL-A  |2 rubbk 
700 1 |a Soars  |b L.  |g John 
701 1 |a Soars  |b L.  |g Liz 
801 1 |a RU  |b 63413507  |c 20040526  |g PSBO 
801 2 |a RU  |b 63413507  |c 20170619  |g PSBO 
942 |c BK